000
00332nam a22001217a 4500
003
SGT
082
_a
080
_b
I98S
100
_a
सिन्हा, संतोष
245
_a
इंद्रधनुष के सात रंग
260
_b
अनुभूति प्रकाशन
_c
1998
300
_a
84
942
_2
ddc
_c
BK
999
_c
31556
_d
31556